The physics of the ionosphere (Record no. 1498)

MARC details
000 -LEADER
fixed length control field 00477nam a2200181Ia 4500
003 - CONTROL NUMBER IDENTIFIER
control field IN-BaIIA
008 - FIXED-LENGTH DATA ELEMENTS--GENERAL INFORMATION
fixed length control field 211028s9999 xx 000 0 eng d
040 ## - CATALOGING SOURCE
Transcribing agency IIA Library
080 ## - UNIVERSAL DECIMAL CLASSIFICATION NUMBER
Universal Decimal Classification number 551.510.
Item number PHY
110 ## - MAIN ENTRY--CORPORATE NAME
Corporate name or jurisdiction name as entry element Physical Society
9 (RLIN) 3033
245 #4 - TITLE STATEMENT
Title The physics of the ionosphere
Statement of responsibility, etc. Physical Society
260 ## - PUBLICATION, DISTRIBUTION, ETC.
Place of publication, distribution, etc. London
Name of publisher, distributor, etc. The Physical Society
Date of publication, distribution, etc. 1955
300 ## - PHYSICAL DESCRIPTION
Extent 406p.
650 ## - SUBJECT ADDED ENTRY--TOPICAL TERM
Topical term or geographic name entry element Ionosphere
650 ## - SUBJECT ADDED ENTRY--TOPICAL TERM
Topical term or geographic name entry element NASA thesaurus
710 ## - ADDED ENTRY--CORPORATE NAME
Corporate name or jurisdiction name as entry element Physical Society
9 (RLIN) 3033
942 ## - ADDED ENTRY ELEMENTS (KOHA)
Koha item type Books
Holdings
Withdrawn status Lost status Damaged status Not for loan Home library Current library Shelving location Date acquired Total Checkouts Total Renewals Full call number Barcode Date last seen Date last checked out Price effective from Koha item type
        IIA Library-Bangalore IIA Library-Bangalore General Stacks   2 3 551.510.5/ PHY 1615 19/05/2025 12/02/2025   Books

Powered by Koha